[Event "EU-Cup 30th"]
[Site "Bilbao"]
[Date "2014.09.18"]
[Round "5.3"]
[White "Vitiugov, Nikita"]
[Black "Levin, Felix"]
[Result "1-0"]
[WhiteElo "2742"]
[BlackElo "2513"]
[Annotator "Krasenkow,M"]
[PlyCount "97"]
[EventDate "2014.09.14"]
[EventType "team-swiss"]
[EventRounds "7"]
[EventCountry "ESP"]
[SourceTitle "CBM 163"]
[Source "ChessBase"]
[SourceDate "2014.11.11"]
[SourceVersion "1"]
[SourceVersionDate "2014.11.11"]
[SourceQuality "1"]
[WhiteTeam "St Petersburg"]
[BlackTeam "Muelheim"]
[WhiteTeamCountry "RUS"]
[BlackTeamCountry "GER"]

1. d4 d5 2. c4 e6 3. Nc3 Nf6 4. cxd5 exd5 5. Bg5 c6 6. Qc2 Be7 7. e3 Nbd7 8.
Bd3 Nh5 {This system is very solid but passive. The fact that White's knight
can go to e2 instead of f3 is another plus for him.} 9. Bxe7 Qxe7 10. Nge2 g6 {
A typical plan: ...Nh5-g7, ...Nd7-b6 and ...Bc8-f5. If White prevents that by
means of g2-g4, he weakens his kingside (...h7-h5!); in case of Ne2-g3 the
knight is placed extremely awkwardly there (and again ...h7-h5 is annoying).}
11. O-O-O (11. O-O {is another main plan:} O-O 12. Rae1 {[%cal Ye2c1,Yf2f3,
Ye3e4]}) 11... Nb6 12. Kb1 Ng7 13. Ng3 Be6 {Black is preparing long castling
so White usually gets ready for actions along the c-file.} 14. Rc1 {[%mdl 32]}
h5 {It is useful for Black to force h2-h4, where White's pawn will be
vulnerable.} (14... O-O-O 15. Na4 Nxa4 16. Qxa4 Kb8 17. Rc3 {- the point of
White's plan! -} Rd6 18. Rhc1 Rc8 19. e4 $6 (19. Ra3 {forcing} b6 {looks more
logical}) 19... dxe4 20. Nxe4 Rd5 21. Nc5 Bf5 22. Qb4 Ka8 23. Bxf5 Nxf5 24. Ra3
Qc7 25. Rcc3 b6 {with an excellent position for Black} (25... Nxd4 $4 26. Rxa7+
{1-0 (26) Polak,T (2492)-Izsak,G (2444) Hungary 2013})) 15. h4 O-O-O (15... Nc8
16. f3 (16. e4 $5 {, making use of Black's delay in development, now deserves
attention}) 16... Nd6 17. Qf2 (17. e4 $1) 17... O-O-O 18. e4 Kb8 19. e5 Bf5 20.
Nxf5 Ndxf5 21. Ne2 Ne6 22. Bxf5 gxf5 23. f4 f6 24. g3 Rhg8 25. Rc3 c5 26. exf6
Qxf6 27. dxc5 d4 $132 {1/2 (31) Baumegger,S (2419)-Stohl,I (2524) Austria 2012}
) 16. Na4 Kb8 (16... Nxa4 $5 17. Qxa4 Kb8 18. Rc3 Rc8 19. Rhc1 (19. Ra3 b6)
19... Rc7 20. Ra3 b6 21. Rxc6 Rxc6 22. Qxc6 Rc8 23. Qa4 Rc7 24. Rc3 Rxc3 25.
bxc3 Qxh4 $11 {1/2 (53) Fowler,S (2181)-Taylor,M (2332) Swansea 2006}) 17. Nc5
Ne8 18. a4 Nd6 $6 (18... Nd7 $142 $1 19. Nxb7 (19. Nxe6 Qxe6 20. a5 a6 21. e4
Nc7) 19... Kxb7 20. Qxc6+ Kb8 {, and White has nothing more than a draw after}
21. Qb5+ (21. Rc3 Nb6 22. a5 Bd7) (21. a5 Ndf6 22. Rc3 Qb4 23. Rhc1 Rd6) (21.
Ba6 Nb6 22. a5 Bc8 $1 23. Bxc8 Nxc8 24. Rc5 Ned6 {[%cal Ye7b7]}) 21... Ka8 {
[%cal Re8d6]} 22. Qc6+) 19. a5 Nbc4 {The knight will now be in danger of being
trapped but} (19... Nd7 20. a6 $1 {is also favourable for White.}) 20. Qc3 {
White misses a strong tactical idea giving him a clear advantage:} (20. Qa4 $1
{[%cal Ra5a6]} a6 $140 21. Qb4 {[%cal Rc5a6,Rb2b3]}) 20... Bc8 $6 (20... Ka8
$142 $1 21. Qb4 Rb8 $1 22. b3 b6 $1 23. axb6 Rxb6 24. Qa4 Nb7 $1 {although
after} 25. Kc2 $1 Ne5 $1 (25... Ncd6 $2 26. Ra1) 26. Nxe6 Nxd3 27. Kxd3 Qxe6
28. Rc3 {White keeps an edge due to Black's pawn weaknesses.}) 21. Qb4 $1 {
[%cal Rb2b3] Black has no good way to save his knight without serious
positional concessions.} Ka8 (21... Qf6 22. Rc2) 22. b3 Nxa5 23. Qxa5 b6 24.
Qa4 bxc5 25. Rxc5 {[%csl Ra7,Gc5,Rc6] Black has no counterplay whatsoever, and
White gradually converts his huge positional advantage.} Bb7 26. Ra5 Nc8 27.
Ne2 Qc7 28. Nf4 Qb6 29. Kc2 Rhe8 30. Ra1 Kb8 31. Kd2 Re7 32. Qa3 Rc7 33. b4 Ba8
34. Ra6 Qb7 35. Ne2 {[%cal Ye2c3,Yc3a4,Ya4c5]} Nb6 36. Nc3 Rdd7 37. Ke1 Re7 38.
Ke2 Kc8 39. Qa5 Kb8 40. Qc5 {[%cal Ra6a7]} Nc8 41. Na4 Re8 42. Rb1 Rd8 43. Qa5
Nd6 44. Nc5 Qc8 45. Rb6+ axb6 46. Qxb6+ Qb7 47. Nxb7 Bxb7 48. Rc1 Kc8 49. f3
1-0

[Event "Olympiad-41"]
[Site "Tromsoe"]
[Date "2014.08.04"]
[Round "3.4"]
[White "Sadler, Matthew D"]
[Black "Baramidze, David"]
[Result "1-0"]
[WhiteElo "2653"]
[BlackElo "2612"]
[Annotator "Krasenkow,M"]
[PlyCount "109"]
[EventDate "2014.08.02"]
[EventType "team-swiss"]
[EventRounds "11"]
[EventCountry "NOR"]
[SourceTitle "CBM 162"]
[Source "ChessBase"]
[SourceDate "2014.09.17"]
[SourceVersion "1"]
[SourceVersionDate "2014.09.17"]
[SourceQuality "1"]
[WhiteTeam "England"]
[BlackTeam "Germany"]
[WhiteTeamCountry "ENG"]
[BlackTeamCountry "GER"]

1. d4 d5 2. c4 e6 3. Nc3 Nf6 4. cxd5 exd5 5. Bg5 c6 6. Qc2 Be7 7. e3 Nbd7 8.
Bd3 Nh5 9. Bxe7 Qxe7 10. O-O-O Nb6 11. h3 g6 12. Nf3 Ng7 13. g4 Bd7 {Leaving
the e6-square for the g7-knight.} (13... Be6 {is a more common way to develop
the bishop in this typical position.}) 14. Kb1 (14. Nd2 $6 O-O-O 15. Nb3 Ne6
16. a3 h5 17. Na5 Kb8 18. b4 hxg4 19. hxg4 Qg5 $17 {0-1 (35) Popovics,A (2434)
-Pap,G (2383) Budapest 2004}) (14. Ne5 O-O-O 15. Na4 Nxa4 16. Qxa4 Kb8 17. Kb1
Be8 18. h4 {1/2 (18) Sokolov,I (2580)-Andersson,U (2620) Haninge 1989}) 14...
O-O-O 15. Rc1 (15. e4 dxe4 16. Bxe4 f5 17. gxf5 Bxf5 18. Rhe1 Qc7 19. Ng5 Bxe4
20. Rxe4 Nd5 21. Rde1 Nxc3+ 22. Qxc3 Rhe8 $11 {1/2 (59) Hermlin,A (2355)
-Lipsanen,E (2240) Tampere 1993}) (15. Rdg1 Kb8 16. h4 h5 17. g5 Bf5 $11 {
1/2 (80) Efanov,N (2398)-Khruschiov,A (2499) Cheliabinsk 2008}) (15. Ne5 Kb8 $1
16. Rc1 Bc8 17. Na4 f6 $1 18. Nf3 Nxa4 19. Qxa4 {1-0 (27) Salov,V (2575)
-Andersson,U (2600) Szirak 1987 CBM 003 [Ftacnik,L]} g5 $1 $132 {[%cal Yh7h5]
S.Makarichev}) (15. Na4 Nxa4 16. Qxa4 Kb8 17. Rc1 Rc8 (17... Rhe8 18. Qa5 Ne6
19. Rc3 Bc8 20. Ra3 b6 21. Qa4 $16 {1-0 (41) Rapport,R (2444)-Grabarczyk,M 
(2475) Marianske Lazne 2010}) 18. Rc3 Rc7 19. Ne5 Be8 20. Ra3 b6 21. Rc1 c5 22.
Bb5 Bxb5 23. Qxb5 Rhc8 24. Rac3 Ne6 $11 {1/2 (29) Speelman,J (2630)-Andersson,
U (2625) Lyon 1991}) (15. Qb3 {[%cal Ya2a4] is probably the most appropriate
plan:} Kb8 (15... Be6 16. Rc1 Kb8 17. Na4 Nxa4 18. Qxa4 Rd6 19. Rc3 Rc8 20.
Rhc1 f6 21. Ra3 b6 22. g5 Rc7 23. gxf6 Qxf6 24. Ne5 $14 {0-1 (75) Epishin,V 
(2630)-Ivanchuk,V (2720) Tilburg 1992 CBM 032 [ChessBase]}) (15... Ne8 16. a4
Be6 17. a5 Nc4 18. Qa4 Qf6 19. Be2 Nc7 20. Rc1 h5 21. g5 Qf5+ 22. Ka1 $14 {
1/2 (32) Ward,C (2485)-Parker,J (2510) England 1997}) 16. a4 Be6 17. Ne5 (17.
a5 $5 Nc4 18. a6 $14) 17... f6 (17... Rc8 $142) 18. Nxc6+ bxc6 19. a5 c5 20.
axb6 c4 21. bxa7+ Ka8 22. Qb6 Rd6 {0-1 (46) Peralta,F (2591)-Kogan,A (2572)
Catalunya 2012} 23. Qb4 cxd3 24. Na4 $44) 15... Kb8 16. a4 {Without the
preparatory Qc2-b3.} (16. Ka1 Ne8 17. Ne2 Nd6 18. Ng3 Rhe8 19. g5 Be6 20. h4
Nd7 21. Nd2 Rc8 22. Nb3 Bg4 23. Be2 Bxe2 24. Qxe2 Ne4 {1/2 (24) Wojtaszek,R 
(2701)-Landa,K (2644) Haguenau 2013}) 16... Nc8 $6 {A clear concession.} (16...
Qb4 $5 {is principled; the position after} 17. Ne5 {[%cal Yd3e2,Ye5d3] needs
detailed analysis.}) 17. a5 Nd6 (17... a6 {is probably more cautious but after}
18. Qb3 Ka8 19. Na4 {White keeps the initiative.}) 18. a6 b6 19. e4 (19. Ne5
$142 $1 Rc8 (19... Ne6 20. Na2 Rc8 21. Nb4 Nd8 22. e4) 20. e4 (20. Na2 $143 c5)
20... dxe4 21. Nxe4 Be8 22. Qc3 $36) 19... dxe4 20. Nxe4 f5 $1 21. Nxd6 {
This exchange makes Black's life a bit easier.} (21. Ng3 $5 fxg4 22. Ne5 Rc8
23. hxg4) 21... Qxd6 22. Ne5 Rhf8 23. Qc4 {White could have arranged his
pieces in a better way.} (23. Bc4 $1 {[%cal Re5f7]} Ne6 (23... fxg4 24. hxg4) (
23... Qxd4 24. Rhe1 {[%cal Rc1d1]}) 24. Bxe6 Qxe6 25. Rhe1 $14) 23... Rc8 $6 {
And Black fails to find the best arrangement, too.} (23... Be8 $1 24. Nxc6+
Qxc6 25. Qxc6 Bxc6 26. Rxc6 Rxd4 {should be a draw.}) 24. Rhe1 Be8 25. Rc2 (25.
g5 $5) 25... fxg4 26. hxg4 Rf4 $2 (26... b5 27. Qb3 Qxd4 $2 28. Bxb5 $1 cxb5
29. Rxc8+ Kxc8 30. Qc2+ Kb8 31. Rc1 Qd8 32. Qe4 Qb6 33. Nc6+ Bxc6 34. Rxc6 Qd8
35. Qe5+ Ka8 36. Rd6 Qc8 37. Qd5+ Kb8 38. Rc6 Qd8 39. Qxb5+ $18) (26... Rc7
$142 $14) 27. Be4 $2 {After this move the game becomes unclear. Meanwhile,
White could have won material:} (27. Qg8 $1 Qc7 (27... Qf8 28. Qxh7) 28. Qxh7
Rxd4 29. Bxg6) 27... Ne6 28. Rd2 Ng5 29. Bh1 h5 $6 (29... Nf7 $1 $13) 30. Qc3
hxg4 31. Qg3 Rf6 $6 (31... Nh3 32. f3 $1 Rf6 33. fxg4 Nf4 34. g5 $16) 32. Qxg4
$6 (32. Rde2 $1 $18 {[%cal Re5g4,Rg3g4,Ge2e8]}) 32... Ne6 33. Rc1 $2 {This
passive move gives away White's advantage once again.} (33. d5 $1 {[%cal Re5c4]
} Nc7 (33... cxd5 34. Rxd5 Qc7 35. Rd2 {[%cal Rg4e4,Rg4g2]}) 34. Nc4 Qb4 35.
Qd4 Rf8 36. dxc6 $16) 33... g5 34. Rc4 Rf4 35. Qg3 Rc7 36. Qc3 b5 37. Nxc6+
Bxc6 38. Rxc6 Rxc6 39. Bxc6 Rxd4 40. Bb7 Qd7 41. Rc2 Rc4 42. Qe5+ Nc7 43. Rxc4
bxc4 {[%mdl 4096]} 44. Kc1 Qe6 $6 (44... Qe8 $1 {was a safer way for Black to
keep his ground:} 45. Qxe8+ Nxe8 46. Kd2 Nd6 47. Bd5 (47. Kc3 Nxb7 48. axb7
Kxb7 49. Kxc4 Kc6 $11) 47... Kc7 48. Kc3 Kb6 49. Kd4 Kb5 50. Ke5 Nc8 51. Kf6
Nb6 $132 {After the text move White wins a pawn.}) 45. Qxe6 Nxe6 46. Bd5 Nc5
47. Bxc4 g4 $2 {Black trades the kingside pawns but his knight gets trapped.} (
47... Ne4 $142 48. f3 Nf6 (48... Nd6 $143 49. Bd5) 49. Kd2 Kc7 {- White can
hardly win here.}) 48. Kd2 {[%cal Rd2e3,Re3f4]} g3 49. fxg3 Ne4+ 50. Ke3 Nxg3
51. Kf4 Nh5+ 52. Kg5 Ng3 (52... Ng7 53. Bf7 {[%cal Rg5g6]}) 53. Bd3 Nh1 54. Kf4
{[%cal Rf4f3]} Nf2 55. Bc2 {[%cal Rf4g3]} (55. Bc2 Nh3+ 56. Kg4 Ng1 57. Bd3 $18
{[%cal Yg4g3,Yg3g2]}) 1-0

[Event "Olympiad-41"]
[Site "Tromsoe"]
[Date "2014.08.14"]
[Round "11.2"]
[White "Jones, Gawain C B"]
[Black "Bruzon Batista, Lazaro"]
[Result "0-1"]
[WhiteElo "2665"]
[BlackElo "2664"]
[Annotator "Krasenkow,M"]
[PlyCount "91"]
[EventDate "2014.08.02"]
[EventType "team-swiss"]
[EventRounds "11"]
[EventCountry "NOR"]
[SourceTitle "CBM 162"]
[Source "ChessBase"]
[SourceDate "2014.09.17"]
[SourceVersion "1"]
[SourceVersionDate "2014.09.17"]
[SourceQuality "1"]
[WhiteTeam "England"]
[BlackTeam "Cuba"]
[WhiteTeamCountry "ENG"]
[BlackTeamCountry "CUB"]

1. d4 d5 2. c4 e6 3. Nc3 Nf6 4. cxd5 exd5 5. Bg5 c6 6. Qc2 Be7 7. e3 Nbd7 8.
Bd3 O-O 9. Nge2 Re8 10. O-O Nf8 11. f3 {A standard plan of preparing e3-e4.} g6
{[%cal Yf8e6] Practice has seen 20(!!) various continuations for Black in this
position. The most common of them, besides the text move, are:} (11... Be6) (
11... Nh5) (11... Ng6) (11... h6) (11... c5) 12. Rae1 {An obvious move but its
value is questionable, as shown in the present game. White should rather play}
(12. Rad1 {, overprotecting the d4-pawn in view of e3-e4}) ({or first} 12. Kh1)
12... Ne6 13. Bh4 (13. Bh6 $5) 13... b6 $5 {[%cal Yc6c5,Yc8b7,Ya8c8] A
relatively new but good plan.} (13... Ng7 {is hardly appropriate here as ...
Bc8-f5 can be met with e3-e4. A recent example:} 14. Kh1 Nf5 15. Bf2 c5 16.
Bxf5 $5 Bxf5 17. e4 dxe4 18. fxe4 cxd4 19. Nxd4 Be6 (19... Bd7 20. e5) 20. Nxe6
fxe6 21. Qb3 Qd7 22. Rc1 Ng4 23. Bg1 Bg5 24. Rcd1 Qc6 {1-0 (30) Gretarsson,H 
(2507)-Lagerman,R (2315) Glasgow 2012} 25. Ne2 $1 $36) (13... c5 {is clearly
premature due to} 14. dxc5 Nxc5 15. Bb5 {[%csl Rd5]}) ({The exchange of
bishops by means of} 13... Nh5 {doesn't solve any problems:} 14. Bxe7 Rxe7 15.
Qd2 Re8 16. Bc2 Nhg7 17. Rd1 Nf8 18. e4 Be6 19. Kh1 $14 {1-0 (45) Gonzalez
Vidal,Y (2475)-Bautista Sanchez,J (2223) Barbera del Valles 2007}) (13... Bd7
$5 {[%cal Ya8c8] needs more tests although in the following game White (a
strong GM) outplayed his opponent:} 14. Kh1 Rc8 15. Qb1 a5 $6 16. e4 dxe4 17.
fxe4 Ng4 18. Bxe7 Qxe7 19. h3 Qh4 20. Kg1 Nh6 21. Qc1 Ng5 22. Rf4 Nxh3+ 23.
gxh3 Qxh3 24. Rf2 Ng4 25. Nf4 $1 Qh4 26. Rg2 $16 {1-0 (50) Georgiev,K (2666)
-Bellia,F (2418) Zaragoza 2011}) 14. Kh1 Bb7 15. Qb3 $6 $146 {A new but hardly
promising continuation. However, it is not easy to suggest something instead.}
(15. Bf2 {is too slow:} Rc8 16. Bg1 c5 {etc.}) (15. Rd1 Rc8 16. e4 $6 dxe4 17.
fxe4 Ng4 18. Bf2 $8 (18. Bxe7 Qxe7 {[%cal Rg4e3,Re7h4]}) 18... Nxf2+ (18... Bg5
$5) 19. Rxf2 Nxd4 20. Nxd4 Qxd4 21. Ba6 Qxf2 22. Qxf2 Bxa6 23. Rd7 Bc4 $44 {
0-1 (35) Kaufman,R (2333)-Lengyel,B (2251) Budapest 2010}) (15. Nf4 Nxf4 16.
exf4 Nh5 {1/2 (16) Genocchio,D (2446)-Recuero Guerra,D (2441) Presolana 2011})
15... Rc8 (15... c5 16. dxc5 Nxc5 17. Qd1) 16. e4 {That was the idea of
White's previous move but Black has prepared a strong reply.} c5 $1 {[%mdl 64]}
17. Bb5 (17. Bxf6 Bxf6 18. Nxd5 Bxd5 19. Qxd5 Qxd5 20. exd5 Nxd4 $15 {[%csl
Re3]}) 17... Rf8 (17... cxd4 $1 {was stronger and gave Black an upper hand as
White had no time to capture the e8-rook:} 18. Bxf6 (18. Bxe8 Nc5 $1 19. Qc2
dxc3 {, and White must give up a second piece for the rook as} 20. Bb5 a6 21.
Bd3 (21. b4 axb5 22. bxc5 d4) 21... cxb2 {is even worse for him}) 18... Bxf6
19. Nxd5 (19. Bxe8 $2 dxc3 20. Nxc3 (20. Bb5 cxb2 $19) 20... Nc5 $19) 19... Nc5
$5 (19... Bxd5 20. Qxd5 (20. exd5 Nc5) 20... Rf8 $15) 20. Nxf6+ Qxf6 21. Qa3
Red8 $15 {[%csl Gd4]}) 18. e5 $6 (18. exd5 Nxd5 19. Bxe7 (19. Bf2 Nxc3 20. bxc3
cxd4 21. cxd4 Qd5 $15) 19... Nxe7 20. dxc5 Nxc5 {[%cal Ye7f5] is pleasant for
Black}) (18. Rd1 $142 {with unclear consequences, e.g.} g5 $5 (18... dxe4 19.
dxc5) (18... cxd4 19. Nxd4 Nc5 20. Qc2 a6 21. Be2 $14 {[%cal Ye4e5]}) (18... a6
19. exd5 $1 Nxd5 20. Bxe7 Qxe7 21. Nxd5 Bxd5 22. Qxd5 axb5 $11) (18... c4 19.
Qc2 a6 20. Bxf6 Bxf6 21. exd5 axb5 22. dxe6 b4 $44) 19. Bf2 c4 20. Qc2 a6 21.
exd5 Nxd5 (21... axb5 22. dxe6 b4 23. Ne4 Qd5 $44) 22. Nxd5 Qxd5 23. Nc3 Qd8
24. d5 Nf4 25. Bc6 Bxc6 26. dxc6 Nd3 27. b3 b5 28. a4 Rxc6 29. axb5 axb5 30.
Bg1 Bc5 $1 $13) 18... Nh5 {[%cal Ra7a6]} 19. Bxe7 Qxe7 20. Nxd5 Bxd5 21. Qxd5
Rfd8 22. Qe4 cxd4 $17 {[%csl Gd4] As a result of the clash in the centre,
Black has a clear advantage: his rooks are centralised, his knights are strong,
and his passed d4-pawn can't be successfully blocked.} 23. f4 $2 (23. Nc1 $142
Nhf4 (23... Nc5 24. Qg4 Ng7 {[%cal Yg7f5,Yf5e3]}) 24. Nd3 Nd5 $17 {[%cal Yd5e3]
}) 23... d3 $1 24. Nc3 Rd4 25. Qf3 Nhxf4 {Black has won a pawn and easily
converts his material advantage.} 26. Re4 Rcd8 27. Rxd4 Rxd4 28. Ne4 d2 29. g3
Nh3 30. Nf6+ Kh8 31. Be2 Neg5 32. Qc6 Rd8 33. Kg2 Qxe5 34. Bd1 h5 35. b4 Kg7
36. a4 Kh6 37. Qb7 Qe6 38. b5 Kg7 39. Qxa7 Rd5 40. Qa8 Rf5 41. Rxf5 Qxf5 42.
Qg8+ Kxf6 43. Qd8+ Kg7 44. Qd4+ Kh7 45. g4 hxg4 46. Qxg4 0-1

[Event "EU-chT (Men) 11th"]
[Site "Pula"]
[Date "1997.05.??"]
[Round "6.1"]
[White "Krasenkow, Michal"]
[Black "Jussupow, Artur"]
[Result "1/2-1/2"]
[WhiteElo "2615"]
[BlackElo "2665"]
[Annotator "Krasenkow,M"]
[PlyCount "53"]
[EventDate "1997.05.05"]
[EventType "team-swiss"]
[EventRounds "9"]
[EventCountry "CRO"]
[SourceTitle "CBM 057 Extra"]
[Source "ChessBase"]
[SourceDate "1997.05.01"]
[SourceVersion "1"]
[SourceVersionDate "1997.05.01"]
[SourceQuality "1"]
[WhiteTeam "Poland"]
[BlackTeam "Germany"]
[WhiteTeamCountry "POL"]
[BlackTeamCountry "GER"]

1. Nf3 {Tsesarsky} d5 2. d4 Nf6 3. c4 e6 4. Nc3 Nbd7 5. Bg5 c6 6. cxd5 exd5 7.
e3 Be7 8. Qc2 O-O 9. Bd3 Re8 10. h3 Nf8 11. Bf4 Be6 (11... Ng6 {Tsesarsky} 12.
Bh2 Bd6 $14) 12. O-O (12. Ng5 $5 {Tsesarsky}) (12. Be5 {Tsesarsky} N6d7 13. Bg3
a6 14. Rd1 Rc8 15. O-O Qb6 16. Qb1 (16. Rd2 $5 $14 {Hort}) 16... g6 17. a3 Qa7
18. Bf4 b5 19. Rfe1 $14 {1/2-1/2 Hort,V-Georgadze,T/Porz 1981 (42)}) 12... Rc8
$5 $146 (12... N6d7 $6 {Tsesarsky} 13. Rab1 Nb6 14. b4 Bd6 15. Bxd6 Qxd6 16. a4
a6 17. Nd2 Re7 18. Nb3 $1 Rc7 (18... Qxb4 19. Nc5 Qa5 20. Qb3 Nc8 21. Nxb7 $16)
19. Nc5 $16 {1-0 Beliavsky,A-Ivanchuk,V/Linares 1993 (38)}) (12... Ng6 {
Tsesarsky} 13. Bh2 Bd6 14. Ne5 Rc8 15. f4 Bd7 16. g4 c5 $132 {Kas-Heintze/
Hamburg/SW,15,14 1990/1-0 (51)}) (12... Bd6 {Tsesarsky} 13. Ne5 (13. Be5 Bxe5
14. Nxe5 N6d7 15. f4 f6 16. Nf3 Nb6 17. Rae1 Bf7 18. g4 $36 {1-0 Boensch,
U-Delander,A/Berliner Sommer 1994 (40)}) 13... Nh5 (13... Qb8 14. b4 N6d7 15.
Nxd7 Bxd7 16. Bxd6 Qxd6 $14) (13... Rc8 $5) (13... Qc7 14. Bh2 $6 (14. Rac1
N6d7 15. Nxd7 Qxd7 16. Bxd6 Qxd6 17. Na4 $14) 14... N6d7 15. f4 f6 16. Nf3 Bf7
17. Rae1 a6 18. g4 c5 19. Qg2 cxd4 $1 (19... b5 20. g5 fxg5 21. Qxg5 {><e5})
20. Nxd4 Nb6 $132 21. g5 $6 (21. Kh1 $5 {/\ e4}) 21... fxg5 22. Qxg5 Qd8 23.
Qg2 Bc5 {/\ Re3} 24. Kh1 Qf6 $15 {Knaak,R-Kishnev,S/Miskolc 1989/0-1 (60)}) 14.
Bh2 f6 15. Nf3 (15. Be2 g6 16. Bxh5 fxe5 17. dxe5 Bxe5 18. Bxe5 Bf5 19. e4 Bxe4
20. Nxe4 Rxe5 $13) 15... g6 16. Rab1 Bxh2+ 17. Nxh2 $5 Ng7 18. b4 b5 $6 {
Eingorn,V-Soffer,R/Berlin 1990/1-0 (48)} (18... Rc8 $14)) 13. Na4 $6 (13. Ne5
c5 $1) (13. Bh2 N6d7 $5) (13. a3 $142 {Tsesarsky} c5 14. dxc5 Bxc5 15. Rad1 Qe7
16. Nd4 $14 {1-0 Gaprindashvili,N-Sadunashvili,L/GEO-chW 1990 (28)}) 13... Bd6
14. Ne5 (14. Bxd6 Qxd6 $11) 14... Rc7 (14... Ng6 15. Bh2 (15. Nc5 Nxf4 16. Nxb7
$2 Nxh3+ 17. gxh3 Qe7 $17) 15... c5 16. Nxc5 $1 Nxe5 (16... Rxc5 17. dxc5 Bxe5
18. f4 $16) 17. dxe5 Rxc5 18. Qa4 Ra5 (18... Be7 19. exf6 Bxf6 20. Qxa7 $14)
19. Qh4 Ne4 20. Qxd8 Rxd8 21. exd6 Nxd6 22. Rfc1 $14) (14... Nh5 {Tsesarsky}
15. Bh2 Bxe5 16. Bxe5 Qg5 17. Kh1 $14) 15. Rab1 (15. Bh2 Bc8 16. f4 Ne4 $1 $11)
15... Ng6 (15... Bc8 $5 $11 {/\16...c5,/\16...Ng6}) (15... Bc8 {Tsesarsky} 16.
b4 Ne6 17. Bh2 Ng5 18. Rfc1 Nge4 19. Nc5 Bf5 20. f3 Nxc5 21. Bxf5 Ne6 22. Bg3
$14) 16. Bh2 (16. Nxg6 {Tsesarsky} hxg6 17. Bxd6 Qxd6 18. b4 $14) 16... Bc8 (
16... c5 $5 17. Nxc5 Nxe5 $1 18. dxe5 Rxc5 $11 19. Qa4 $140 Ra5 20. Qh4 Ne4 21.
Qxd8 Rxd8 22. exd6 Nd2 23. Rfc1 Nxb1 24. Bxb1 Rc8) 17. Qc3 (17. f4 c5 $1 18.
dxc5 Nxe5 19. fxe5 Bxe5 {xNa4}) (17. Nxg6 $142 {Tsesarsky} Bxh2+ 18. Kxh2 hxg6
19. Rfc1 Rce7 20. b4 Qd6+ 21. Kg1 $14) 17... Ne4 (17... c5 18. Nxg6 Bxh2+ 19.
Kxh2 cxd4 20. Qxd4 hxg6 $14) (17... Qe7 $5 18. f4 c5 19. dxc5 Bxe5 20. fxe5
Nxe5 $11) 18. Bxe4 dxe4 19. Nc5 (19. Nxg6 {Tsesarsky} Bxh2+ 20. Kxh2 hxg6 (
20... fxg6 $5 21. b4 Rf7 22. Kg1 $14 (22. b5 Qd6+ 23. Kg1 cxb5 24. Rxb5 b6 $1
25. Re5 (25. Qb4 Qf6 $17) (25. Nb2 Ba6 26. Nc4 Qc6 $19) 25... Rd8 26. Qc4 (26.
Rxe4 Qd5 27. Re5 Qxa2 28. Nb2 $132) 26... b5 27. Rxb5 Ba6 28. Nc5 Bxb5 29. Qxb5
$44)) 21. b4 $132) 19... Nxe5 (19... Bf5 $5 {Tsesarsky} 20. Rbc1 Bxe5 21. dxe5
Qg5 22. e6 Rce7 23. exf7+ Rxf7 24. Bg3 b6 $132) 20. dxe5 Bxc5 (20... Bf8 {
Tsesarsky} 21. Rfd1 $16) 21. Qxc5 Be6 (21... b6 {/\22...Ba6} 22. Qd6 $11 (22.
Qc4 Qd3 $1) (22. Qd6 {Tsesarsky} Be6 $11)) 22. Rbd1 (22. Qxa7 Rd7 $44 {xBh2,
<->d}) 22... Rd7 23. Rd6 (23. Rxd7 {Tsesarsky} Qxd7 24. Qxa7 Bc4 25. Ra1 Rd8
26. Bg3 h6 (26... Ba6 27. Bh4 Re8 28. Qd4 $14) 27. Bh4 g5 28. Bg3 Ba6 $14 {(=)}
) 23... Qb6 24. Qa3 a5 25. Rfd1 Rxd6 26. exd6 Qb4 27. Qxb4 (27. Qxb4 axb4 28.
Rd4 $1 c5 (28... Ra8 29. Rxe4 Rxa2 30. f4 $1 $16) (28... f5 29. Rxb4 b5 30. a4
Ra8 31. b3 bxa4 32. bxa4 c5 33. Rb7 Rxa4 34. Be5 $18) 29. Rxe4 c4 (29... Bd7
30. Rc4 b6 31. Rc2 f5 $14) 30. Kf1 c3 31. Ke1 $1 Rc8 32. bxc3 bxc3 33. Kd1 Ra8
34. Rd4 Kf8 (34... Bd7 35. Rc4 Rxa2 36. Rxc3 $16) 35. Kc2 Rxa2+ 36. Kxc3 Ke8
37. Bg3 $14) 1/2-1/2